| 000 | 00548nam a2200181 i 4500 | ||
|---|---|---|---|
| 001 | 76121 | ||
| 003 | ES-MaACL | ||
| 005 | 20250624194552.0 | ||
| 007 | t| | ||
| 008 | 040929s1927 xxu ||||1| eng d | ||
| 100 | 1 |
_aGreen, Otis Howard. _959848 |
|
| 245 | 1 | 4 |
_aThe life and works of Lupercio Leonardo de Argensola / _c[by] Otis Howard Green. |
| 260 |
_aPhiladelphia : _b[s.n., _c1927] |
||
| 300 |
_a203 p. ; _c23 cm. |
||
| 600 | 1 | 7 |
_aLeonardo de Argensola, Lupercio, _d1559-1613 _2 _9128881 |
| 852 |
_aES-MaACL _jF-9446 |
||
| 999 |
_c76121 _d76121 |
||